| 000 | 00452cam a22001934a 4500 | ||
|---|---|---|---|
| 005 | 20250605164316.0 | ||
| 008 | 250528s ||||||||||||||||||||||||d | ||
| 035 | _a22696 | ||
| 020 | _a9780130653017 | ||
| 040 |
_aGR-AtMCL _bgre _dGR-AtMCL _eAACR2 |
||
| 245 | 1 | _aELECTRONIC COMMERCE 2002 | |
| 250 | _a2 | ||
| 260 |
_bPrentice Hall, _c2002 |
||
| 300 | _a914 | ||
| 700 | 1 |
_aTurban Efraim _91346 |
|
| 942 | _cBK | ||
| 999 |
_c7744 _d7744 |
||